Logistika příkladové studie

Gespeichert in:
Bibliographische Detailangaben
1. Verfasser: Lambert, Douglas M.
Weitere Verfasser: Stock, James R., Ellram, Lisa M., Nevrlá, Eva
Format: Buch
Sprache:Tschechisch
Veröffentlicht: Praha Computer Press 2000
Schriftenreihe:Praxe manažera
Business books
Schlagworte:
Tags: Tag hinzufügen
Keine Tags, Fügen Sie das erste Tag hinzu!

MARC

LEADER 00000nam a2200000 4500
001 c119324
005 20230220124118.9
020 |a 80-7226-221-1 
041 0 |a cze 
044 |a CZ 
245 1 0 |a Logistika  |b příkladové studie  |c Douglas M. Lambert, James R. Stock, Lisa M. Ellram ; [preklad: Eva Nevrlá] 
264 1 |a Praha  |b Computer Press  |c 2000 
300 |a 589 s. 
490 1 |a Praxe manažera 
830 0 |a Praxe manažera 
490 1 |a Business books 
830 0 |a Business books 
610 2 0 |a logistika 
610 2 0 |a riadenie zásob 
610 2 0 |a preprava 
610 2 0 |a skladovanie 
610 2 0 |a balenie 
610 2 0 |a manipulácia s materiálom 
610 2 0 |a manipulácia s tovarom 
610 2 0 |a nákup 
610 2 0 |a dodávky 
610 2 0 |a strata obchodná 
610 2 0 |a stratégia podniková 
100 1 |a Lambert, Douglas M. 
700 1 |a Stock, James R. 
700 1 |a Ellram, Lisa M. 
700 1 |a Nevrlá, Eva